ATP Finals 2023 - Singolare - Statistics

Statistiche generali
  • Questo quiz è stato fatto 39 volte
  • Il punteggio medio è 9 su 9
Statistiche sulle risposte
Nazione Risultato Tennista % Corretto
Spagna Semifinale Carlos Alcaraz
100%
Russia Semifinale Daniil Medvedev
100%
Italia Finale Jannik Sinner
100%
Serbia Campione Novak Djokovic
100%
Grecia Round robin (Infortunato) Stefanos Tsitsipas
100%
Germania Round robin Alexander Zverev
94%
Russia Round robin Andrej Rublëv
94%
Danimarca Round robin Holger Rune
94%
Polonia Round robin (Riserva) Hubert Hurkacz
80%
Nessun quiz corrispondente trovato
Distribuzione punteggi
Percentuale di utenti per punteggio
Percentile per numero di risposta
I tuoi punteggi nel tempo
Non hai fatto questo quiz